| 000 | 00812nam a22002057a 4500 | ||
|---|---|---|---|
| 999 |
_c17183 _d17183 |
||
| 003 | AR-CdUCM | ||
| 008 | 190507b ||||| |||| 00| 0 eng d | ||
| 040 |
_aMUNICIPALIDAD PROVINCIAL DEL CUSCO _cBIBLIOTECA MUNICIPAL DEL CUSCO |
||
| 082 |
_a131.34 / _bO34 |
||
| 100 |
_aOdier, charles _937047 |
||
| 245 |
_aLa angustia y el pensamiento mágico : _bEnsayo de análisis psicogenético aplicado a la fobia y a la neurosis de abandono / |
||
| 260 |
_aMéxico : _bFondo de cultura económica ; _c1961. |
||
| 300 |
_a273 páginas, _c24 cm. |
||
| 505 | _aContenido : La fobia y la pesadilla -- La constante de Freud -- De la vida a la muerte y de la muerte a la vida... | ||
| 650 |
_aSíntomas neuróticos _937048 |
||
| 650 |
_aDepresión _937049 |
||
| 650 |
_aFobia _937050 |
||
| 942 |
_2ddc _cLIBROS |
||
| 945 | _arcc | ||